| 000 -LEADER |
| fixed length control field |
00602nam a22002057a 4500 |
| 008 - FIXED-LENGTH DATA ELEMENTS--GENERAL INFORMATION |
| fixed length control field |
170407b xxu||||| |||| 00| p tur d |
| 020 ## - INTERNATIONAL STANDARD BOOK NUMBER |
| International Standard Book Number |
9753638116 |
| 041 ## - LANGUAGE CODE |
| Language code of text/sound track or separate title |
Türkçe |
| 050 ## - LIBRARY OF CONGRESS CALL NUMBER |
| Classification number |
PR6058.U37 |
| 100 ## - MAIN ENTRY--PERSONAL NAME |
| 9 (RLIN) |
157 |
| Personal name |
Ted Hughes |
| 245 ## - TITLE STATEMENT |
| Title |
Doğumgünü Mektupları |
| Remainder of title |
Birthday Letters |
| Statement of responsibility, etc. |
Ted Hughes; Çev.: Şavkar Altınel, Roni Margulies |
| 250 ## - EDITION STATEMENT |
| Edition statement |
1. Baskı |
| 260 ## - PUBLICATION, DISTRIBUTION, ETC. |
| Place of publication, distribution, etc. |
İstanbul |
| Name of publisher, distributor, etc. |
Yapı Kredi Yayınları |
| Date of publication, distribution, etc. |
Eylül 1998 |
| 300 ## - PHYSICAL DESCRIPTION |
| Extent |
198 sayfa |
| 500 ## - GENERAL NOTE |
| General note |
Şiir 99 |
| 650 #0 - SUBJECT ADDED ENTRY--TOPICAL TERM |
| 9 (RLIN) |
146 |
| Topical term or geographic name entry element |
Dünya Edebiyatı |
| 700 ## - ADDED ENTRY--PERSONAL NAME |
| 9 (RLIN) |
159 |
| Personal name |
Roni Margulies |
| 700 ## - ADDED ENTRY--PERSONAL NAME |
| Personal name |
Altınel, Şavkar |
| 9 (RLIN) |
158 |
| 942 ## - ADDED ENTRY ELEMENTS (KOHA) |
| Source of classification or shelving scheme |
|
| Koha item type |
Books |